000 00606nam a2200169Ia 4500
999 _c2605
_d2605
003 DO-SdBJH
005 20180416031220.0
008 180414s9999 dr 000 0 spa d
040 _aDO-SdBJH
_bspa
_cDO-SdBJH
090 _aDM P-900 1995
110 _aInstituto de Cooperación para la Seguridad Hemisférica
245 1 0 _aP 900 Programa de redacción militar / Instituto de Cooperación para la Seguridad Hemisférica
260 _aFuerte Benning, Georgia : Cuartel General Secretaría del Ejército, 1995
300 _aiii, 186 páginas
650 4 _aRedacción militar -- Programa
942 _2ddc
_cBK